000 00972nam a2200265 a 4500
001 28515
003 BD-RjUL
005 20211209051307.0
008 140330s1951 1929 enk 000 0 eng d
035 _a(BD-RjUL)28596
040 _aBD-RjUL
_beng
_cBD-RjUL
_dBD-RjUL
041 _aeng
082 _a973
_bSOU 1951
245 0 0 _aSources and documents illustrating the American revolution, 1764-1788, and the formation of the federal Constitution /
_cselected and edited by S.E. Morison.
250 _a2nd ed.
260 _aOxford :
_bClarendon Press,
_c1929 [Reprinted 1951]
300 _axliii, 378 p. :
_c19 cm.
_bill. ;
610 1 0 _aUnited States.
_987300
651 0 _aUnited States
_xHistory
_yRevolution, 1775-1783
_xCauses.
_971258
651 0 _aUnited States
_xHistory
_yRevolution, 1775-1783
_vSources.
_987298
700 1 _aMorison, S. E.
_d1887-1976.
_q Samuel Eliot Morison,
_987299
942 _2ddc
_cBK
999 _c28515
_d28515